000 00758cam a2200265Ia 4500
001 50476
005 20230411090003.0
008 071220s2004 sp a 000 0 spa d
035 _a(OCoLC)ocn184944197
040 _aDRFGD
_cDRFGD
035 _a(OCoLC)184944197
049 _aGRAL
100 1 _aBazin, André,
_d1918-1958.
240 1 0 _aQu'est-ce que le cinéma?
_lSpanish
245 1 0 _aQué es el cine? /
_cAndré Bazin.
250 _a7a ed.
260 _aMadrid :
_bEdiciones RIALP, S.A. ,
_c2006.
300 _a395 p. :
_bill. ;
_c20 cm.
440 0 _aLibros de cine
504 _aIncludes bibliographical references.
650 0 _aMotion pictures.
700 1 _aLópez Muñoz, José Luis ,
_etrl.
942 _2lcc
_cbk
994 _aC0
_bDRFGD
999 _c110453
_d110453